Statistiken für Herkunft der Erasmus Studenten

Klicken Sie hier um das Quiz zu spielen!

Allgemein

  • Dieses Quiz wurde 36 mal gespielt
  • Das Durchschnittsergebnis liegt bei 13 aus 15

Antwortstatistiken

RangLand% Korrekt
2Frankreich
97%
4Italien
97%
1Spanien
97%
12Österreich
94%
6Polen
94%
5Vereinigtes Königreich
94%
9Belgien
91%
8Niederlande
91%
11Portugal
89%
3Deutschland
86%
15Griechenland
86%
10Tschechien
83%
14Finnland
66%
13Rumänien
63%
7Türkei
57%

Verteilung der Resultate

Perzentil nach korrekt beantworteten Fragen

Anzahl Personen mit jedem Resultat

Ihre Resultats-Entwicklung

Sie haben dieses Quiz noch nicht gespielt